000 00864njm a2200289Ia 4500
001 21188
003 IT-RoPAU
005 20220918181111.0
008 131025s9999 xx 000 0 und d
040 _aIT-RoPAU
040 _cIT-RoPAU
041 _aITALIANO
999 _c99006
_d99006
999 _bn.d.
100 _aShakespeare William
_95342
100 _eAutore testo
_95343
100 _gCodice autore testoSPICS: 1305
_95344
245 _aRomeo e Giulietta
250 _a1a ed.
260 _aROMA
260 _bSPICS RECORDS
_c1982 [1a Ed.:1982]
300 _aMUSICASSETTA
500 _aMusica operistica. Musica lirica. Musica classica.
505 _aTraduzione di -Salvatore Quasimodo.
650 _aOPERA LIRICA [CASSETTE]
_eCodice MATERIA SPICS: 9951
_95345
700 _aDe Lullo Giorgio
_eAutore musica
_gCodice autore musicaSPICS: 13354
_95346
942 _cMC
_2ddc